000 00479nam a2200193Ia 4500
005 20250603144750.0
008 250603s9999 xx 000 0 und d
020 _a9781259255168
050 _aRD 31 .G47/
100 _aEdited by Gerard M. Doherty
245 0 _aCurrent diagnosis & treatment: surgery
250 _a14th ed
260 _aNew York
260 _bLange Medical Books/McGraw-Hill
260 _c2006
300 _a1395 p
650 _aNew York
942 _cBK
999 _c39886
_d39886